Vista normal
Vista MARC
Entrada Personal Name
Número de registros utilizados en: 1
001 - CONTROL NUMBER
- control field: 37573
003 - CONTROL NUMBER IDENTIFIER
- control field: OSt
005 - DATE AND TIME OF LATEST TRANSACTION
- control field: 20210512131233.0
008 - FIXED-LENGTH DATA ELEMENTS
- fixed length control field: 210512|| aca||aabn | a|a d
040 ## - CATALOGING SOURCE
- Original cataloging agency: OSt
- Transcribing agency: OSt
100 ## - HEADING--PERSONAL NAME
- Personal name: Martínez Ostos, Raúl
670 ## - SOURCE DATA FOUND
- Source citation: Work cat.: (OSt)11672: Stolper, Gustav, autor 26148, Historia económica de Alemania de : , 1942.